000 00477nam a2200205Ia 4500
001 17346
003 GE_BSU
008 181216s||||||||xx |||||||||||||| ||und||
040 _cGE_BSU
080 _a811.112
100 _aBreslauer,Christine
245 _aMittelpunkt. Grammatiktrainer
260 _aStuttgart
260 _c2009
300 _a112p.
541 _h4 Л.80 Т.
653 _aMittelpunkt. Grammatiktrainer
653 _aქსეროქსი
942 _cBK
999 _c50402
_d50402